Statistics for Monaco Country Quiz

Click here to take the quiz!

General Stats

  • This quiz has been taken 9,885 times
    (9,595 since last reset)
  • The average score is 12 of 17

Answer Stats

QuestionAnswer% Correct
Only country that Monaco bordersFrance
99%
Official languageFrench
98%
Sea on which Monaco liesMediterranean Sea
96%
Monaco is the ____ country in the world, ahead of Liechtenstein and QatarRichest
91%
Major sporting event held annually in Monaco since 1929Monaco Grand Prix
83%
Monaco lies on this coastal region, also known as the Côte d'AzurFrench {Riviera}
81%
Monaco is considered to be this kind of haven{Tax} Haven
79%
Monaco has the highest population _____ of any countryDensity
78%
Country with a similar flag:
Indonesia
75%
Famous casino which opened in 1863Monte Carlo
72%
Monaco has the highest ____ _______ of any country, nearly 90 yearsLife Expectancy
71%
American actress who married Prince Rainier in 1956Grace Kelly
68%
Current monarchAlbert II
51%
Nearby Italian city that constructed a fort on the Rock of Monaco in 1215, an event
considered the beginning of Monaco's modern history
Genoa
47%
Demigod who, according to legend, built Monaco's portHercules
41%
Dialect of Ligurian that is spoken in MonacoMonégasque
29%
Royal familyGrimaldi
29%

Score Distribution

Percentile by Number Answered

Percent of People with Each Score

Your Score History

You have not taken this quiz since the last reset